Introducing christian education : (Record no. 3460)
[ view plain ]
| 000 -LEADER | |
|---|---|
| fixed length control field | 00699cam a22002052 4500 |
| 001 - CONTROL NUMBER | |
| control field | 0000009390 |
| 005 - DATE AND TIME OF LATEST TRANSACTION | |
| control field | 20151217145850.0 |
| 008 - FIXED-LENGTH DATA ELEMENTS--GENERAL INFORMATION | |
| fixed length control field | 081013s xx 000 0 eng d |
| 020 ## - INTERNATIONAL STANDARD BOOK NUMBER | |
| International Standard Book Number | 0801022754 : |
| Terms of availability | KES 2300 |
| 040 ## - CATALOGING SOURCE | |
| Original cataloging agency | KABU |
| Transcribing agency | KABU |
| 245 10 - TITLE STATEMENT | |
| Title | Introducing christian education : |
| Remainder of title | foundations for the twenty-first century / |
| Statement of responsibility, etc. | [edited by] Michael J. Anthony. |
| 260 ## - PUBLICATION, DISTRIBUTION, ETC. (IMPRINT) | |
| Place of publication, distribution, etc. | Grand Rapids, MI : |
| Name of publisher, distributor, etc. | Baker Academic, |
| Date of publication, distribution, etc. | 2001. |
| 300 ## - PHYSICAL DESCRIPTION | |
| Extent | 301 p. |
| 650 #0 - SUBJECT ADDED ENTRY--TOPICAL TERM | |
| Topical term or geographic name as entry element | Christian education. |
| -- | 0000149610 |
| 700 1# - ADDED ENTRY--PERSONAL NAME | |
| Personal name | Anthony, Michael J. |
| -- | 0000159241 |
| 852 1# - LOCATION | |
| -- | p2100 KES |
| 908 ## - PUT COMMAND PARAMETER (RLIN) | |
| Put command parameter | 081013 |
| 950 ## - LOCAL HOLDINGS (RLIN) | |
| -- | 1 |
| Withdrawn status | Lost status | Source of classification or shelving scheme | Not for loan | Home library | Current library | Date acquired | Total Checkouts | Full call number | Barcode | Date last seen | Date last checked out | Price effective from | Koha item type |
|---|---|---|---|---|---|---|---|---|---|---|---|---|---|
| Library of Congress Classification | Kabarak, Main Campus | Kabarak, Main Campus | 17/12/2015 | 2 | BV1471.3 .I58 c. 2 | 014708 | 02/08/2024 | 16/10/2017 | 17/12/2015 | Reserve Collection | |||
| Library of Congress Classification | Kabarak, Main Campus | Kabarak, Main Campus | 17/12/2015 | 8 | BV1471.3 .I58 c. 1 | 009248 | 02/08/2024 | 26/07/2018 | 17/12/2015 | General Collection | |||
| Library of Congress Classification | Kabarak, Main Campus | Kabarak, Main Campus | 17/12/2015 | 8 | BV1471.3 .I58 c. 3 | 014707 | 02/08/2024 | 16/07/2022 | 17/12/2015 | General Collection |